Villes les plus peuplées de l'Ariège 09 - Statistiques

Statistiques générales
  • Ce quiz a été pris 55 fois
  • Le résultat moyen est 7 sur 15
Statistiques - réponses
Population Ville % Correct
9 515 Foix
100%
15 938 Pamiers
94%
6 415 Saint-Girons
79%
6 052 Lavelanet
64%
3 013 Tarascon-sur-Ariège
57%
4 815 Saverdun
53%
3 114 Mirepoix
51%
3 872 Mazères
40%
3 495 Varilhes
32%
2 855 Saint-Jean-du-Falga
30%
3 232 La Tour-du-Crieu
21%
2 360 Lézat-sur-Lèze
19%
2 391 Laroque-d'Olmes
17%
2 295 Verniolle
17%
1 476 Montgaillard
6%
Aucun quiz correspondant
Distribution des résultats
% des personnes avec chaque résultat
Percentile par nombre de réponses
Votre historique - résultats
Vous n’avez pas pris ce quiz